[Event "LUX-chT 2016/17"]
[Site "Luxembourg"]
[Date "2017.02.05"]
[Round "7"]
[White "Landresse, Christian"]
[Black "Klamp, Christoph"]
[Result "1/2-1/2"]
[WhiteElo "2020"]
[BlackElo "2006"]
[PlyCount "40"]
[EventDate "2016.09.25"]
[EventType "team-tourn"]
[EventRounds "10"]
[EventCountry "LUX"]
[SourceTitle "EXT 2018"]
[Source "ChessBase"]
[SourceDate "2017.10.13"]
[SourceVersion "1"]
[SourceVersionDate "2017.10.13"]
[SourceQuality "1"]

1. Nf3 g6 2. c4 d6 3. Nc3 Bg7 4. g3 f5 5. Bg2 Nf6 6. 0-0 0-0 7. d4 c6 8. a4 Na6 9. Rb1 Qc7 10. b4 e5 11. Qb3 Kh8 12. b5 Nb8 13. Ba3 Re8 14. Rfc1 Nbd7 15. Ng5 c5 16. dxe5 Nxe5 17. Nd5 Nxd5 18. Bxd5 h6 19. Nf3 Ng4 20. e3 Nf6 1/2-1/2